| 000 | 00397nam a2200169Ia 4500 | ||
|---|---|---|---|
| 008 | 230524s9999 xx 000 0 und d | ||
| 020 | _a007990123 | ||
| 082 |
_a510.31 _bLIP |
||
| 100 |
_aSeymour Lipschupz _911155 |
||
| 245 | 0 | _aLinear Algebra | |
| 250 | _a1ST | ||
| 260 |
_aNEW DELHI _bTMH _c1981 |
||
| 300 | _aVI;334 | ||
| 500 | _aQuantity Number: 1 | ||
| 650 | _aMathematics | ||
| 942 | _cBK | ||
| 999 |
_c15550 _d15550 |
||